The Lamplighter’s Bookshop / (Record no. 10111)
[ view plain ]
| 000 -LEADER | |
|---|---|
| fixed length control field | 01089nam a22001937a 4500 |
| 005 - ΗΜΕΡΟΜΗΝΙΑ ΚΑΙ ΩΡΑ ΤΕΛΕΥΤΑΙΑΣ ΕΝΗΜΕΡΩΣΗΣ | |
| Πεδίο ελέγχου | 20260209111157.0 |
| 006 - FIXED-LENGTH DATA ELEMENTS--ADDITIONAL MATERIAL CHARACTERISTICS | |
| Πεδίο ελέγχου σταθερού μήκους | a|||||r||||||||||| |
| 008 - FIXED-LENGTH DATA ELEMENTS--GENERAL INFORMATION | |
| Πεδίο ελέγχου σταθερού μήκους | s2025 caua 000 0 eng d |
| 020 ## - ISBN | |
| ISBN | 9780008664121 |
| 040 ## - ΠΗΓΗ ΚΑΤΑΛΟΓΟΓΡΑΦΗΣΗΣ | |
| Φορέας πρωτότυπης καταλογογράφησης | MC Athens Campus Library |
| Γλώσσα καταλογογράφησης | Αγγλικά |
| Modifying agency | MC Athens Campus Library |
| 100 ## - MAIN ENTRY--PERSONAL NAME | |
| Personal name | Austin, Sophie |
| 9 (RLIN) | 10328 |
| 245 02 - ΤΙΤΛΟΣ ΚΑΙ ΔΗΛΩΣΗ ΥΠΕΥΘΥΝΟΤΗΤΑΣ | |
| Τίτλος | The Lamplighter’s Bookshop / |
| Statement of responsibility, etc. | Sophie Austin |
| 264 #1 - PRODUCTION, PUBLICATION, DISTRIBUTION, MANUFACTURE, AND COPYRIGHT NOTICE | |
| Place of production, publication, distribution, manufacture | London : |
| Name of producer, publisher, distributor, manufacturer | HarperCollins Publishers, |
| Date of production, publication, distribution, manufacture, or copyright notice | 2025. |
| 300 ## - PHYSICAL DESCRIPTION | |
| Extent | 362 p. ; |
| Διαστάσεις | 20 cm |
| 520 ## - SUMMARY, ETC. | |
| Summary, etc. | In the shadowy aisles of the Lamplighter's Bookshop, secrets lie as thick as the dust? When Evelyn Seaton answers an advertisement for an assistant at a forgotten bookshop in York, she is not the only one with something to hide. There she meets the enigmatic and prickly William Morton, an aspiring writer keeping secrets of his own. But when the walls that Evelyn has built around herself start to crumble, there is only one person she can turn to. As the layers are brushed away, can Evelyn and William find the courage to write the next chapter of their story? |
| 653 ## - INDEX TERM--UNCONTROLLED | |
| Μη ελεγχόμενοι όροι | Λογοτεχνία |
| 942 ## - ADDED ENTRY ELEMENTS (KOHA) | |
| Koha item type | Books |
| Τύπος τεκμηρίου | Βιβλιοθήκη | Τρέχουσα τοποθεσία | Barcode | Αριθμός εισαγωγής | Ημερομηνία απόκτησης | Ταξιθετικό σύμβολο | Αριθμός αντιτύπου | Κατάσταση απόσυρσης | Κατάσταση χαμένου | Κατάσταση κατεστραμμένου | Μη δανεισμός | Σύνολο δανεισμών | Ημερομηνία τελευταίας εμφάνισης | Η τιμή ισχύει από |
|---|---|---|---|---|---|---|---|---|---|---|---|---|---|---|
| Books | MC Athens Campus Library | MC Athens Campus Library | 9780000101198 | 8247 | 09/02/2026 | 823 AUS | 1 | 09/02/2026 | 09/02/2026 |